Catálogo público

Identificación del potencial productivo y económico del sistema producto uva-vino en México / (Record no. 176372)

MARC details
000 -CABECERA
campo de control de longitud fija 03926nam a2200421 a 4500
001 - NÚMERO DE CONTROL
campo de control dia_5453
003 - IDENTIFICADOR DEL NÚMERO DE CONTROL
campo de control CHAP
005 - FECHA Y HORA DE LA ÚLTIMA TRANSACCIÓN
campo de control 20240829123435.0
007 - CAMPO FIJO DE DESCRIPCIÓN FÍSICA--INFORMACIÓN GENERAL
campo de control de longitud fija ta
008 - DATOS DE LONGITUD FIJA--INFORMACIÓN GENERAL
campo de control de longitud fija 220117s2014 mx abdofrm 001 0 spa d
010 ## - NÚMERO DE CONTROL DE LA BIBLIOTECA DEL CONGRESO
Número de control de LC 176372
040 ## - FUENTE DE LA CATALOGACIÓN
Centro catalogador/agencia de origen mxchpua
Centro/agencia transcriptor CHAP
041 0# - CÓDIGO DE LENGUA
Código de lengua del texto/banda sonora o título independiente mxchpua
Código de lengua del sumario o resumen CHAP
090 ## - LOCALMENTE ASIGNADO TIPO-LC NÚMERO DE CLASIFICACIÓN (OCLC); NÚMERO DE CLASIFICACIÓN LOCAL (RLIN)
Número de clasificación (OCLC) (R) ; Numero de clasificación, CALL (RLIN) (NR) Tesis
Número cutter local (OCLC) ; Número de libro/Signatura topográfica íntegra, CALL (RLIN) M57
año 2014
100 1# - ENTRADA PRINCIPAL--NOMBRE DE PERSONA
Nombre de persona Miranda Flores, Rodolfo
245 10 - MENCIÓN DE TÍTULO
Título Identificación del potencial productivo y económico del sistema producto uva-vino en México /
Mención de responsabilidad, etc. Rodolfo Miranda Flores
264 ## - PRODUCCIÓN, PUBLICACIÓN, DISTRIBUCIÓN, FABRICACIÓN Y COPYRIGHT
Producción, publicación, distribución, fabricación y copyright Chapingo, México :
Nombre del de productor, editor, distribuidor, fabricante El autor,
Fecha de producción, publicación, distribución, fabricación o copyright 2014
300 ## - DESCRIPCIÓN FÍSICA
Extensión 92 hojas :
Otras características físicas ilustraciones, tablas, gráficas, diagramas, fotos +
Material acompañante/anejo 1 CD-ROM
336 ## - TIPO DE CONTENIDO
Fuente rdacontent
Término de tipo de contenido texto
Código de tipo de contenido txt
337 ## - TIPO DE MEDIO
Fuente rdamedia
Nombre/término del tipo de medio no mediado
Código del tipo de medio n
338 ## - TIPO DE SOPORTE
Fuente rdacarrier
Nombre/término del tipo de soporte volumen
Código del tipo de soporte nc
502 ## - NOTA DE TESIS
Nota de tesis Estancia Preprofesional
Tipo de título (Ingeniero Agroindustrial) --
Nombre de la institución que otorga el título UACh. Departamento de Ingeniería Agroindustrial,
Año de obtención del título 2014
504 ## - NOTA DE BIBLIOGRAFÍA, ETC.
Nota de bibliografía, etc. Bibliografía : hojas 80-81
520 3# - SUMARIO, ETC.
Sumario, etc. En este presente trabajo se realizo un estudio teórico de la identificación del potencial productivo y económico en el sistema producto uva-vino en México. La razón de la elección del producto, es debido a que el vino a nivel internacional es una bebida de suma importancia en cuestiones de gastronomía, sociales, culturales, y sobre todo agroindustrial. En dicho proyecto se realizo con apoyo de la metodología para el análisis de cadenas agroalimentarias por el Instituto Interamericano de Cooperación para la Agricultura, además de utilizar las herramientas de análisis FODA. Durante la fase de campo se desarrollaron diversas entrevistas y visitas a empresas con relación al sistema productivo. Además de participar con el Consejo Mexicano Vitivinícola A.C: en las actividades en que participa en la cadena productiva. Y mediante diversos diagramas y cuadros se obtuvo la síntesis de la información obtenida durante la fase de campo; teniendo como resultados la identificación de los diversos agentes del sistema producto en estudio, a tiene un fuerte crecimiento y la toda la economía que se genera alrededor de esta industria, sin olvidar mencionar su amplio potencial productivo.
520 3# - SUMARIO, ETC.
Sumario, etc. In this present work a theoretical study of the identification of productive and economic potential in the product system - wine grape in Mexico took place. The reason for the choice of product, it is because the international wine is a drink of paramount importance in matters of food, social, cultural, and especially agribusiness . In this project was conducted with support of the methodology for the analysis of food chains by the Inter-American Institute for Cooperation on Agriculture, in addition to using tools like SWOT analysis. During the various interviews and field visits to companies in relation to production system were developed. Besides participating in the Mexican Council AC Wine: in the activities involved in the production chain. And through various diagrams and charts synthesis of information obtained during the field phase was obtained , having as results identifying the various actors of the product system under study , to have strong growth and the entire economy generated around this industry, not forgetting to mention his extensive production potential.
650 13 - PUNTO DE ACCESO ADICIONAL DE MATERIA--TÉRMINO DE MATERIA
Término de materia o nombre geográfico como elemento de entrada Uvas
Subdivisión general Aspectos económicos
Fuente del encabezamiento o término atg
Subdivisión geográfica México
650 13 - PUNTO DE ACCESO ADICIONAL DE MATERIA--TÉRMINO DE MATERIA
Término de materia o nombre geográfico como elemento de entrada Vinos
Fuente del encabezamiento o término atg
Subdivisión general Elaboración
-- Aspectos económicos
Subdivisión geográfica México
650 13 - PUNTO DE ACCESO ADICIONAL DE MATERIA--TÉRMINO DE MATERIA
Término de materia o nombre geográfico como elemento de entrada Grapes
Subdivisión general Economical aspects
Fuente del encabezamiento o término atg
Subdivisión geográfica Mexico
650 13 - PUNTO DE ACCESO ADICIONAL DE MATERIA--TÉRMINO DE MATERIA
Término de materia o nombre geográfico como elemento de entrada Wines
Subdivisión general Economical aspects
Fuente del encabezamiento o término atg
Subdivisión geográfica Mexico
700 1# - PUNTO DE ACCESO ADICIONAL--NOMBRE DE PERSONA
Nombre de persona García Chávez, Luis Ramiro
Término indicativo de función/relación director
700 1# - PUNTO DE ACCESO ADICIONAL--NOMBRE DE PERSONA
Nombre de persona Espejel Zaragoza, José Alfredo
Término indicativo de función/relación asesor
700 1# - PUNTO DE ACCESO ADICIONAL--NOMBRE DE PERSONA
Nombre de persona Martínez Romero, Salvador
Término indicativo de función/relación asesor
856 41 - LOCALIZACIÓN Y ACCESO ELECTRÓNICOS
Identificador Uniforme del Recurso <a href="http://10.13.5.2/tesis/sist109586.pdf">http://10.13.5.2/tesis/sist109586.pdf</a>
Texto de enlace DESCARGAR PDF
901 ## - ELEMENTOS DE DATOS A LOCAL LDA (RLIN)
a TESIS M57 2014
942 ## - ELEMENTOS DE PUNTO DE ACCESO ADICIONAL (KOHA)
Tipo de ítem Koha TESIS
Fuente del sistema de clasificación o colocación Clasificación Universidad Autónoma Chapingo
902 ## - ELEMENTOS DE DATOS B LOCAL, LDB (RLIN)
a M
905 ## - ELEMENTOS DE DATOS E LOCAL, LDE (RLIN)
a 5232272014 mx dnml8222223322spa16
Holdings
Estado de retiro Estado de pérdida Fuente del sistema de clasificación o colocación Estado dañado Restricciones de uso No para préstamo Código de colección Localización permanente Ubicación/localización actual Fecha de adquisición Fuente de adquisición Total de préstamos Signatura topográfica completa Código de barras Fecha visto por última vez Número de copia Precio válido a partir de Tipo de ítem Koha Ubicación en estantería
    Clasificación Universidad Autónoma de Chapingo   Préstamo interno   Tesis Ingenieria Agroindustrial Ingenieria Agroindustrial 18/01/2014 El autor   Tesis M57 2014 1101007952 18/01/2022 Ej.3 18/01/2014 CD  
    Clasificación Universidad Autónoma de Chapingo   Préstamo interno   Tesis Ingenieria Agroindustrial Ingenieria Agroindustrial 18/01/2014 El autor   Tesis M57 2014 1101007950 02/02/2026 Ej.1 18/01/2014 Tesis  
    Clasificación Universidad Autónoma de Chapingo   Préstamo interno   Tesis Ingenieria Agroindustrial Ingenieria Agroindustrial 18/01/2014 El autor   Tesis M57 2014 1101007951 18/01/2022 Ej.2 18/01/2014 CD  
    Clasificación Universidad Autónoma de Chapingo       Tesis digitales de Licenciatura Ingenieria Agroindustrial Ingenieria Agroindustrial 18/01/2014 El autor     1201007950 29/08/2024   18/01/2014 Tesis digital En línea